Game of Thrones: Jaime Lannister ou Tyrion Lannister - Statistiques

Statistiques générales
  • Ce quiz a été pris 591 fois
  • Le résultat moyen est 19 sur 20
Statistiques - réponses
Hint Réponse % Correct
A été marié avec Sansa Stark Tyrion Lannister
100%
Il a une relation incestueuse avec sa sœur Cersei Jaime Lannister
99%
A poussé un garçon du haut d'un tour Jaime Lannister
99%
Les plus petit des 2 Tyrion Lannister
99%
Surnommé le Gnome Tyrion Lannister
99%
A eu une main coupée Jaime Lannister
98%
Boit plus de vin que l'autre Tyrion Lannister
98%
Est père de 3 enfants.... Jaime Lannister
97%
A tué son père Tyrion Lannister
97%
A une belle balafre sur le visage Tyrion Lannister
97%
Est vivant à la fin de la série Tyrion Lannister
97%
Surnommé le Régicide Jaime Lannister
96%
Membre de la Garde Royale Jaime Lannister
96%
Tombe amoureux de Brienne de Torth Jaime Lannister
96%
Il tue Euron Grejoy Jaime Lannister
93%
Peter Dinklage joue son rôle dans la série Tyrion Lannister
92%
Nikolaj Coster-Waldau joue son rôle dans la série Jaime Lannister
91%
Est plus âgé que l'autre Jaime Lannister
90%
A été "Main" du Roi Joffrey Tyrion Lannister
90%
A participé à la Bataille de la Néra Tyrion Lannister
88%
Aucun quiz correspondant
Distribution des résultats
% des personnes avec chaque résultat
Percentile par nombre de réponses
Votre historique - résultats
Vous n’avez pas pris ce quiz